000 00819nam a2200217 a 4500
001 BRCA_2053
005 20190320203642.0
008 050808s2005----mx-a---###---#000-0#spa-#
020 _a9709703528
020 _a968520845X
050 4 _aN8214.5.M6
_b.M58 2005
245 1 0 _aEl mito de dos volcanes
_bPopocatépetl, Iztaccíhuatl
_c[concepto y coordinación general Mercedes Iturbe].
260 _aMéxico
_bEditorial RM : Instituto Nacional de Bellas Artes
_c2005
300 _a159 p.
_bil. (algunas a color)
_c29 cm.
650 1 4 _aPopocatépetl (México)
_vExposiciones
_xEn el arte
_96261
650 1 4 _aIztaccíhuatl (México)
_vExposiciones
_xEn el arte
_96262
650 1 4 _aVolcanes en el arte
_vExposiciones
_96263
650 1 4 _aArte mexicano
_vExposiciones
_96264
700 1 _aIturbe, Mercedes
_95315
942 _2lcc
_cB
999 _c1817
_d1817